00194 a2200085 4500001000700000040003500007100002100042240002500063245002000088146729 cEscola São Tomás de Aquino aGALVÃO, Yêda10aÉ cor de luarlpor10aÉ cor de luar